000
00258nam a2200097Ia 4500
082
_a
J 966.9 HAMI
245
0
_a
Nigeria in pictures
100
_a
HAMILTON, Janice Minneapolis, 2003
_9
95012
942
_c
BK
008
210817s9999 xx 000 0 und d
999
_c
391722
_d
391720